University Home | Library Home | Institutional Repository

Guide to the Tale of Genji : (Record no. 121059)

MARC details
000 -LEADER
fixed length control field 00935cam8a220024100 4500
001 - CONTROL NUMBER
control field qce02032193
005 - DATE AND TIME OF LATEST TRANSACTION
control field 20190822081944.0
008 - FIXED-LENGTH DATA ELEMENTS--GENERAL INFORMATION
fixed length control field 840327s1983 vtuabcd 001 0 eng d
010 ## - LIBRARY OF CONGRESS CONTROL NUMBER
LC control number 82074088
020 ## - INTERNATIONAL STANDARD BOOK NUMBER
International Standard Book Number 0804814546
035 ## - SYSTEM CONTROL NUMBER
System control number (Sirsi) r49419
035 ## - SYSTEM CONTROL NUMBER
System control number (QCAT)lss04054848
035 ## - SYSTEM CONTROL NUMBER
System control number (UPRA)qce02032193
040 ## - CATALOGING SOURCE
Modifying agency UPRA
100 1# - MAIN ENTRY--PERSONAL NAME
Personal name Puette, William J.
Linkage A7454.1
245 10 - TITLE STATEMENT
Title Guide to the Tale of Genji :
Remainder of title by Murasaki Shikibu /
Statement of responsibility, etc. William J. Puette.
260 ## - PUBLICATION, DISTRIBUTION, ETC.
Place of publication, distribution, etc. Rutland, VT ; Tokyo, Japan :
-- Rutland, VT ; Tokyo, Japan :
Name of publisher, distributor, etc. Charles E. Tuttle Co.,
Date of publication, distribution, etc. 1983.
600 00 - SUBJECT ADDED ENTRY--PERSONAL NAME
Personal name Murasaki Shikibu, b. 978? Tale of the Genji.
Dates associated with a name Murasaki Shikibu, b. 978? Tale of the Genji.
Title of a work Murasaki Shikibu, b. 978? Tale of the Genji.
Linkage S5147.1
700 0# - ADDED ENTRY--PERSONAL NAME
Personal name Murasaki Shikibu, b. 978?
Dates associated with a name Murasaki Shikibu, b. 978?
Linkage A7455.1
949 ## - LOCAL PROCESSING INFORMATION (OCLC)
a PL788.4
w lcc
i -61754
m MAIN
t BOOK
l ON-SHELF
987 ## - LOCAL ROMANIZATION/CONVERSION HISTORY (OCLC)
Romanization/conversion identifier call number : unreadable?

No items available.

© 2026 - The University of Zambia Library - Koha v25.11